|
|
|
|
| LEADER |
00000cam a2200000 7i4500 |
| 001 |
0000003721 |
| 002 |
000004008 |
| 005 |
20000330.0 |
| 020 |
|
|
|a 1853042706
|
| 090 |
0 |
0 |
|a C
|b VAN
|
| 100 |
1 |
|
|a Vandersteen, Willy
|
| 245 |
1 |
4 |
|a The Amazing coconut
|c Willy Vandersteen
|
| 260 |
|
|
|a West Sussex :
|b Ravette Books ,
|c 1990
|
| 300 |
|
|
|a Bob & Bobette
|
| 650 |
0 |
0 |
|a Cartoon and carricatures
|
| 999 |
|
|
|a 032079
|b BUKU
|c CARTOON
|e PERPUSTAKAAN KOMUNITI PETALING JAYA
|
| 999 |
|
|
|a 032080
|b BUKU
|c CARTOON
|e PERPUSTAKAAN KOMUNITI PETALING JAYA
|
| 999 |
|
|
|a 032081
|b BUKU
|c CARTOON
|e PERPUSTAKAAN KOMUNITI PETALING JAYA
|